Nociones de ciencias naturales

Gespeichert in:
Bibliographische Detailangaben
1. Verfasser: Arévalo, Celso
Format: keine Angabe
Sprache:Spanisch
Erschienen: Madrid s n (Unión Poligráfica SA) 1935
Katalog:MANES:  Suchergebnis im Bibliothekskatalog
Schulbuchspezifische Eigenschaften:
Tags: Tag hinzufügen
Keine Tags, Fügen Sie den ersten Tag hinzu!
Hinzugefügt zu:26.04.2016
Geändert in:29.01.2026

MARC

LEADER 000000000a22000000004500
001 34536
003 OSt
005 20260129165832.0
008 160427s sp ||||| |||| 00| 0 spa d
040 |a manes  |c manes 
041 |a Español 
100 1 |a Arévalo, Celso  |9 17957 
245 0 0 |a Nociones de ciencias naturales 
260 3 |a Madrid  |b s n (Unión Poligráfica SA)  |c 1935 
300 |a 46, [1] p.  |c 20 cm 
500 |a Signatura: JE8/62. Enc. tela grabada. Ex-libris ms. de Manuel Muelas Rodríguez. El autor fue catedrático del instituto Cardenal Cisneros. Signatura: T23/94. Enc. tela grabada.  
690 |a CN 
691 0 |a SE 
942 |2 ddc  |c BK 
546 |a España 
999 |c 41534  |d 41534 
999 |c manes:41534  |d 41534